Concise major 21st-century writers : A selection of sketches from Contemporary authors. Volume 4: Mc-Sa V.5
Tallennettuna:
| Aineistotyyppi: | Kirja |
|---|---|
| Julkaistu: |
Thomson Gale
2006
|
| Tagit: |
Lisää tagi
Ei tageja, Lisää ensimmäinen tagi!
|
| Thư viện lưu trữ: | Mạng thư viện Đại học Đà Nẵng |
|---|
| LEADER | 00605nam a2200217 a 4500 | ||
|---|---|---|---|
| 001 | 000030413 | ||
| 003 | 30369 | ||
| 005 | 20171030145630.0 | ||
| 008 | 171030s2006 | ||
| 040 | |a LTT | ||
| 082 | 0 | |a 809 |b Co-M | |
| 245 | 0 | 0 | |a Concise major 21st-century writers : A selection of sketches from Contemporary authors. Volume 4: Mc-Sa |c Tracey L. Matthews, project editor. |n V.5 |
| 260 | |b Thomson Gale |c 2006 | ||
| 500 | |a ASIA | ||
| OWN | |a LTT | ||
| 999 | |a From the UDN01 | ||
| TYP | |a Monograph | ||
| TYP | |a Printed language | ||
| 980 | |a Mạng thư viện Đại học Đà Nẵng | ||